CS:GO Top 20 Teams' Players - Statistics

General Stats
  • This quiz has been taken 140 times
  • The average score is 46 of 100
Answer Stats
Teams Player % Correct
SK Gaming FALLEN
91%
EnVyUs kennyS
88%
Virtus Pro pashaBiceps
88%
SK Gaming coldzera
87%
SK Gaming fer
87%
Virtus Pro Snax
87%
SK Gaming TACO
85%
Virtus Pro NEO
84%
mousesports NiKo
84%
Na'Vi s1mple
84%
Virtus Pro TaZ
84%
Astralis device
83%
Virtus Pro byali
80%
Na'Vi GuardiaN
79%
NiP GeT_RighT
78%
G2 shox
78%
Astralis karrigan
77%
NiP forest
76%
SK Gaming fnx
75%
Astralis dupreeh
73%
Cloud 9 Skadoodle
71%
FaZe rain
69%
Astralis Xyp9x
69%
NiP friberg
68%
Godsent JW
68%
EnVyUs NBK-
68%
Cloud 9 Stewie2k
68%
Na'Vi Edward
67%
EnVyUs apEX
66%
Na'Vi flamie
66%
EnVyUs Happy
65%
Godsent flusha
64%
G2 ScreaM
64%
Cloud 9 shroud
63%
Optic tarik
63%
G2 RpK
61%
Cloud 9 autimatic
58%
Liquid EliGE
58%
Immortals hen1
58%
Gambit AdreN
57%
Gambit Dosia
56%
Astralis kjaerbye
56%
Cloud 9 n0thing
54%
Liquid nitr0
54%
Godsent KRIMZ
51%
Immortals lucas
50%
Godsent pronax
50%
Na'Vi seized
50%
G2 SmithZz
50%
NiP Xizt
50%
FaZe allu
48%
Immortals boltz
47%
mousesports chrisJ
47%
Heroic gla1ve
46%
Gambit mou
46%
Liquid Hiko
45%
Optic NAF
44%
dignitas cajunb
43%
Optic RUSH
42%
Immortals felps
38%
FaZe aizy
35%
mousesports denis
35%
NiP pyth
34%
dignitas k0nfig
32%
Optic mixwell
32%
FaZe jkaem
29%
Liquid jdm64
28%
mousesports oskar
27%
FlipSid3 markeloff
26%
mousesports Spiidi
26%
G2 boddy
25%
EnVyUs DEVIL
25%
FlipSid3 WorldEdit
25%
dignitas MSL
24%
Godsent znajder
24%
dignitas RUBINO
21%
Echo Fox freakazoid
20%
Optic daps
19%
Heroic Snappi
19%
FlipSid3 wayLander
19%
Heroic valde
18%
Liquid Pimp
16%
FlipSid3 Shara
13%
FlipSid3 B1ad3
12%
Heroic MODDII
11%
Gambit hooch
10%
dignitas Magiskb0Y
10%
FaZe k1oShiMa
9%
Immortals zews
9%
MK bubble
7%
Heroic Friis
6%
Gambit spaze
6%
MK v1c7oR
6%
Echo Fox roca
5%
Echo Fox seang@res
5%
Echo Fox ShahZam
5%
MK spyleadeR
4%
MK dream3r
3%
MK nkl
3%
Echo Fox ryx
3%
No matching quizzes found
Score Distribution
Percent of People with Each Score
Percentile by Number Answered
Your Score History
You have not taken this quiz